| 000 | 004380000a22001810004500 | ||
|---|---|---|---|
| 003 | MACL | ||
| 005 | 20150705154316.0 | ||
| 008 | 150705b xxu||||| |||| 00| 0 eng d | ||
| 040 |
_aMACL _cMACL |
||
| 041 | _aEnglish | ||
| 082 | _a821 | ||
| 100 |
_aKaul,R N _9925 |
||
| 245 | _aA Poetic Panorama | ||
| 260 |
_aNew Delhi _bUBS Pulblishers' Distributors Pvt. Ltd. _c2010 |
||
| 350 | _a105 | ||
| 650 |
_aPoetry _934 |
||
| 942 |
_cBK _k821 _2ddc |
||
| 999 |
_c49235 _d49235 |
||